| 000 | 00431nam a2200145Ia 4500 | ||
|---|---|---|---|
| 008 | 150121s9999 xx 000 0 und d | ||
| 020 | _a1655-4965 | ||
| 245 |
_aAmerican Studies Asia / _h[electronic resource] |
||
| 260 |
_bDe La Salle University, _c2002. |
||
| 516 | _aElectronic text | ||
| 650 | _aAmerican Studies. | ||
| 830 | _aPhilippine E-Journals | ||
| 856 | _uhttp://www.ejournals.ph/index.php?journal=ASA | ||
| 942 | _cEJ | ||
| 999 |
_c276981 _d276981 |
||